Ezidiler (Record no. 619)

MARC details
000 -BAŞLIK
Sabit Uzunlukta Kontrol Alanı 01104na a2200337 4500
001 - KONTROL NUMARASI
Denetim Alanı 12818
003 - KONTROL NUMARASI IDENTIFIER
Denetim Alanı MIRAKIL
005 - SON İŞLEM TARİHİ VE ZAMANI
Denetim Alanı 20181213154755.0
008 - SABİT-BOY VERİ ELEMANLARI - GENEL BİLGİLER
Sabit Uzunlukta Kontrol Alanı 170531b tu 000 0
020 ## - ULUSLARARASI STANDART KİTAP NUMARASI
Uluslararası Standart Kitap Numarası 9786053993476
035 ## - SİSTEM KONTROL NUMARASI
Sistem Kontrol Numarası 12818
040 ## - KATALOGLAMA KAYNAK
Orijinal Kataloglama Ajansı Milas
Kataloglama Dili tur
Metne Dönüştürmek Ajansı TR-AnCHP
041 ## - DİL KODU
Metin / Ses Parça Veya Ayrı Başlığın Dil Kodu tur
082 ## - DEWEY ONLU SINIFLANDIRMA NUMARASI
Sınıflandırma Numarası 299.159
Ürün Numarası G74e 2014
090 ## - SINIFLAMA NUMARASI
Sınıflama Numarası 299.159 G74e 2014
100 ## - ANA GİRİŞ - KİŞİSEL İSİM
Kişisel Ad Gökçen, Amed
245 ## - BAŞLIK TABLOSU
Başlık Ezidiler
Başlığın Kalan Kara kitap kara talih
Sorumluluk Tablosu, Vb Amed Gökçen; sunuş Murathan Mungan; fotoğraflayan Saner Şen
246 ## - UNVAN FORM VARYING
Başlık Doğru / Kısa Başlığı Kara kitap kara talih
260 ## - YAYIN, DAĞITIM, VB
Yayın, Dağıtım, Vb Yeri İstanbul
Yayıncı, Dağıtıcı, Vs Adı İstanbul Bilgi Üniversitesi Yayınları
Yayın, Dağıtım, Vb Tarihi 2014
300 ## - FİZİKSEL TANIM
Kapsam 213 s.
Diğer Fiziksel Ayrıntıları fotğ.
Boyutlar 21 x 24 sm.
490 ## - SERİSİ TABLOSU
Seri Beyanı Tarih
Hacim / Ardışık Tanımı 52
490 ## - SERİSİ TABLOSU
Seri Beyanı İstanbul Bilgi Üniversitesi yayınları
Hacim / Ardışık Tanımı 476
650 ## - KONU KATMA GİRİŞ - TOPİKAL DÖNEM
Topikal Süreli Veya Coğrafi Ad Giriş Elemanı Yezidiler
Genel Alt Bölümü Sosyal yaşam ve gelenekler
650 ## - KONU KATMA GİRİŞ - TOPİKAL DÖNEM
Topikal Süreli Veya Coğrafi Ad Giriş Elemanı Azınlıklar
Genel Alt Bölümü Sosyal yaşam ve gelenekler
Coğrafi Alt Bölümü Orta Doğu
650 ## - KONU KATMA GİRİŞ - TOPİKAL DÖNEM
Topikal Süreli Veya Coğrafi Ad Giriş Elemanı Etnik gruplar
Genel Alt Bölümü Ezidiler
Kronolojik Alt Bölümü Sosyal yaşam ve gelenekler
Coğrafi Alt Bölümü Orta Doğu
650 ## - KONU KATMA GİRİŞ - TOPİKAL DÖNEM
Topikal Süreli Veya Coğrafi Ad Giriş Elemanı Yezidiler
Genel Alt Bölümü Tarih
700 ## - KATMA GİRİŞ - KİŞİSEL İSİM
Kişisel Ad Şen, Saner
700 ## - KATMA GİRİŞ - KİŞİSEL İSİM
Kişisel Ad Mungan, Murathan
740 ## - KATMA GİRİŞ - KONTROLSUZ İLGİLİ / ANALİTİK BAŞLIK
Kontrol Edilmeyen / İlgili Analitik Başlıktaki Kara kitap kara talih
942 ## - EKLENDİ GİRİŞ ELEMANLARI (KOHA)
Sınıflandırma Veya Raf Düzeni Kaynak Dewey Decimal Classification
Koha Öğesi Türü Books
999 ## - SİSTEM KONTROL NUMARALARI (KOHA)
Koha Biblionumber 619
Koha Biblioitemnumber 619
Holdings
Kalıcı Konum Mevcut Konum Edinme Tarihi Edinim Kaynak Seri Numaralandırma / Kronolojik Toplam Check-Out'Lar Tam Çağrı Numarası Barkod Tarih Son Görülme İtibaren Geçerli Fiyatlar Koha Öğesi Türü
CHP Kütüphanesi CHP Kütüphanesi 08/02/2016 Bağış c.2   299.159 G74e 2014 000460 08/02/2016 08/02/2016 Books